Weltliteratur und Welttheater : ästhetischer Humanismus in der kulturellen Globalisierung /

Bibliographic Details
Main Author: Huang, Alexander C. Y. (Alexander Cheng-Yuan)
Format: Book
Language:German
Published: Bielefeld : Transcript, [2012]
Series:Being human (Bielefeld, Germany) ; .17.
Subjects:

MARC

Tag First Indicator Second Indicator Subfields
LEADER 00000cam a2200000Mi 4500
001 in00002787311
005 20151202172113.0
008 120713s2012 gw 000 0 ger d
016 7 |a 1022861204  |2 DE-101 
016 7 |a 016212030  |2 Uk 
020 |a 9783837622072 (pbk.) 
020 |a 383762207X (pbk.) 
035 |a (OCoLC)ocn800000081 
035 |a (OCoLC)800000081 
040 |a OHX  |c OHX  |d HLS  |d OCLCO  |d UKMGB  |d UtOrBLW 
049 |a TXAM 
050 4 |a PN98.H84  |b H83 2012 
072 7 |a PN  |2 lcco 
072 7 |a PL  |2 lcco 
072 7 |a PR  |2 lcco 
100 1 |a Huang, Alexander C. Y.  |q (Alexander Cheng-Yuan) 
245 1 0 |a Weltliteratur und Welttheater :  |b ästhetischer Humanismus in der kulturellen Globalisierung /  |c Alexander C.Y. Huang. 
264 1 |a Bielefeld :  |b Transcript,  |c [2012] 
264 4 |c ©2012 
300 |a 214 pages ;  |c 23 cm. 
336 |a text  |b txt  |2 rdacontent 
337 |a unmediated  |b n  |2 rdamedia 
338 |a volume  |b nc  |2 rdacarrier 
490 1 |a Der Mensch im Netz der Kulturen - Humanismus in der Epoche der Globalisierung ;  |v Bd. 17 =  |a Being human: caught in the web of cultures - humanism in the age of globalization ;  |v Bd. 17 
504 |a Includes bibliographical references and index. 
650 0 |a Literature  |y 21st century  |x History and criticism. 
650 0 |a Drama  |y 21st century  |x History and criticism. 
650 0 |a Humanism in literature. 
650 0 |a Humanism in art. 
830 0 |a Being human (Bielefeld, Germany) ;  |v .17. 
994 |a C0  |b TXA 
948 |a cataloged  |b h  |c 2012/12/20  |d c  |e jlanham  |f 2:26:03 pm 
999 |a MARS 
999 f f |s 6ccc8bee-9a68-3e42-ba55-23dbafd40dde  |i 8f1d5d57-d0a4-328c-85c9-b1d6aff16ad3  |t 0 
952 f f |p ric  |a Texas A&M University  |b Rellis Campus  |c Joint Library Facility  |d Remote Storage  |t 0  |e PN98.H84 H83 2012  |h Library of Congress classification  |i unmediated -- volume  |m A14841586258 
998 f f |a PN98.H84 H83 2012  |t 0  |l Remote Storage